Ues Of statistical Quality Control Tools IN Manufacturing Industry To Improve Quality & Enhancement In Productivity / (Record no. 607415)
[ view plain ]
| 000 -LEADER | |
|---|---|
| fixed length control field | 00541nam a22001457a 4500 |
| 003 - CONTROL NUMBER IDENTIFIER | |
| control field | NUST |
| 082 ## - DEWEY DECIMAL CLASSIFICATION NUMBER | |
| Classification number | 670 |
| 100 ## - MAIN ENTRY--PERSONAL NAME | |
| Personal name | Majeed, Romeeza |
| 245 ## - TITLE STATEMENT | |
| Title | Ues Of statistical Quality Control Tools IN Manufacturing Industry To Improve Quality & Enhancement In Productivity / |
| Statement of responsibility, etc. | Romeeza Majeed |
| 264 ## - PRODUCTION, PUBLICATION, DISTRIBUTION, MANUFACTURE, AND COPYRIGHT NOTICE | |
| Place of production, publication, distribution, manufacture | Islamabad : |
| Name of producer, publisher, distributor, manufacturer | SMME- NUST; |
| Date of production, publication, distribution, manufacture, or copyright notice | 2009. |
| 300 ## - PHYSICAL DESCRIPTION | |
| Extent | 95p. ; |
| Other physical details | Soft Copy |
| Dimensions | 30cm. |
| 700 ## - ADDED ENTRY--PERSONAL NAME | |
| Personal name | Supervisor : Dr. Shahid Ikramullah Butt |
| 856 ## - ELECTRONIC LOCATION AND ACCESS | |
| Uniform Resource Identifier | <a href="http://10.250.8.41:8080/xmlui/handle/123456789/38737">http://10.250.8.41:8080/xmlui/handle/123456789/38737</a> |
| 942 ## - ADDED ENTRY ELEMENTS (KOHA) | |
| Source of classification or shelving scheme | |
| Koha item type | Thesis |
| Withdrawn status | Permanent Location | Current Location | Shelving location | Date acquired | Full call number | Barcode | Koha item type |
|---|---|---|---|---|---|---|---|
| School of Mechanical & Manufacturing Engineering (SMME) | School of Mechanical & Manufacturing Engineering (SMME) | E-Books | 01/17/2024 | 670 | SMME-TH-10 | Thesis |
